The India-Pakistan wars of 1971: (Record no. 164060)

MARC details
000 -LEADER
fixed length control field 00597nam a2200193 4500
005 - DATE AND TIME OF LATEST TRANSACTION
control field 20191211110914.0
010 ## - LCCN (DPL NO)
LC control number ENG-125149
020 ## - INTERNATIONAL STANDARD BOOK NUMBER
International Standard Book Number 9788181582379
Terms of availability 595.00
035 ## - SYSTEM CONTROL NUMBER
System control number EN-108681
037 ## - SOURCE OF ACQUISITION
Source of stock number/acquisition DBAD/PUB
082 ## - DEWEY DECIMAL CLASSIFICATION NUMBER
Classification number 954.920
245 ## - TITLE STATEMENT
Title The India-Pakistan wars of 1971:
Remainder of title a history /
Statement of responsibility, etc edited by SN Prasad
260 ## - PUBLICATION, DISTRIBUTION, ETC. (IMPRINT)
Place of publication, distribution, etc Dehradun
Name of publisher, distributor, etc Natraj Publishers
Date of publication, distribution, etc 2014
270 ## - ADDRESS
Address 17, Rajpur Road
City Dehradun
Postal code 248001
300 ## - PHYSICAL DESCRIPTION
Extent xxii,537p.
Dimensions 24cm(Hb)
500 ## - GENERAL NOTE
General note Includes bibliographical references and index
700 ## - ADDED ENTRY--PERSONAL NAME
Personal name Prasad,S.N.
942 ## - ADDED ENTRY ELEMENTS (KOHA)
Source of classification or shelving scheme Dewey Decimal Classification
Item type English Books
Classification part 954.920
Call number suffix IND
Holdings
Withdrawn status Lost status Not for loan Collection code Home library Current library Date acquired Source of acquisition Cost, normal purchase price Full call number Barcode Copy number Cost, replacement price Koha item type
    Not For Loan Non-fiction D.B.Act.Division Central Library 09/05/2019 DBAD/PUB 595.00 954.920 IND EN-108681 1 595.00 English Books

© Delhi Public Library
Hit Counter
free hit counter